| 000 | 00372nam a2200121 4500 | ||
|---|---|---|---|
| 999 |
_c513874 _d513874 |
||
| 082 | _aA45:Y26 EMC/2017-18 | ||
| 100 |
_aKerala.Energy Management Centre _99311 |
||
| 245 | _aAnnual report, 2017-18 | ||
| 260 |
_aThiruvanathapuram _bThe author |
||
| 300 | _a95p. | ||
| 650 |
_aEnergy conservation -- Kerala -- India _99733 |
||
| 650 |
_aEnergy resources -- Kerala -- India _99734 |
||